| 000 | 00641nam a2200193 i 4500 | ||
|---|---|---|---|
| 001 | 134187 | ||
| 003 | ES-MaACL | ||
| 005 | 20250811100458.0 | ||
| 007 | t| | ||
| 008 | 070906s1949 sp ||||1| spa d | ||
| 100 | 1 |
_aWyrsch, Jakob. _9117480 |
|
| 245 | 1 | 0 |
_aPsiquiatría forense _b: manual para juristas y médicos / _cpor Jakob Wyrsch ; traducción del alemán y notas de José M. Sacristán. |
| 260 |
_aMadrid : _bEspasa-Calpe, _c1949. |
||
| 300 |
_a354 p. ; _c23 cm. |
||
| 650 | 1 | 7 |
_aPsiquiatría legal _2embne _916596 |
| 700 | 1 |
_aSacristán, José María. _9101267 |
|
| 852 |
_aES-MaACL _jD-7633 _bR.27095 |
||
| 999 |
_c134187 _d134187 |
||